History of the French Revolution /
Interpretation of events in Paris during 1789 and 1790.
| Main Author: | |
|---|---|
| Other Authors: | |
| Format: | Book |
| Language: | English |
| Published: |
Chicago :
University of Chicago Press,
1967.
|
| Series: | Classic European historians.
Phoenix books ; P257. |
| Subjects: |
MARC
| Tag | First Indicator | Second Indicator | Subfields |
|---|---|---|---|
| LEADER | 00000cam a2200000 i 4500 | ||
| 001 | in00000297721 | ||
| 005 | 20240426171035.0 | ||
| 008 | 750815s1967 ilu b 000 0 eng | ||
| 010 | |a 67015315 | ||
| 015 | |a GB6803792 |2 bnb | ||
| 016 | |a (AMICUS)000004277203 | ||
| 016 | 7 | |a 002483193 |2 Uk | |
| 016 | 7 | |a 010308526 |2 Uk | |
| 019 | |a 179845 |a 4127762 |a 152400270 |a 226200700 |a 263618710 |a 562755774 |a 633748853 |a 794030010 |a 959744900 |a 974845044 |a 976602382 |a 1006453011 |a 1065194861 |a 1171646019 |a 1176318598 |a 1277103030 | ||
| 020 | |a 0226523330 | ||
| 020 | |a 9780226523330 | ||
| 029 | 1 | |a AU@ |b 000001536308 | |
| 029 | 1 | |a AU@ |b 000024064666 | |
| 029 | 1 | |a AU@ |b 000026861011 | |
| 029 | 1 | |a AU@ |b 000027815299 | |
| 029 | 1 | |a HEBIS |b 028931556 | |
| 029 | 1 | |a NLC |b 000004277203 | |
| 029 | 1 | |a NZ1 |b 2748161 | |
| 029 | 1 | |a NZ1 |b 690196 | |
| 029 | 1 | |a UKMGB |b 002483193 | |
| 029 | 1 | |a UKMGB |b 010308526 | |
| 035 | |a (OCoLC)ocm01549716 | ||
| 035 | |a (OCoLC)1549716 |z (OCoLC)179845 |z (OCoLC)4127762 |z (OCoLC)152400270 |z (OCoLC)226200700 |z (OCoLC)263618710 |z (OCoLC)562755774 |z (OCoLC)633748853 |z (OCoLC)794030010 |z (OCoLC)959744900 |z (OCoLC)974845044 |z (OCoLC)976602382 |z (OCoLC)1006453011 |z (OCoLC)1065194861 |z (OCoLC)1171646019 |z (OCoLC)1176318598 |z (OCoLC)1277103030 | ||
| 035 | |a (OCoLC)ocm01549716 | ||
| 040 | |a DLC |b eng |c MYG |d HIR |d FJK |d SER |d UKM |d JYJ |d OCLCQ |d BAKER |d OCLCG |d DRB |d OCLCG |d UPM |d NIALS |d OCLCA |d COF |d OG# |d TULIB |d BCD |d GG7 |d OCLCO |d UKMGB |d OCLCF |d OCLCQ |d OCLCO |d AU@ |d YDXCP |d RIOSL |d OCL |d MNA |d NLC |d LENOT |d ROC |d OCLCQ |d ACO |d CEF |d TKN |d CSO |d CNO |d CSA |d TYC |d HCO |d XFF |d CPS |d OCLCQ |d OCLCO |d OCLCQ |d NZ1 |d CPO |d OCL |d IL4J6 |d OCLCQ |d OCLCO |d OCLCL |d OCLCQ |d OCLCL | ||
| 041 | 1 | |a eng |h fre | |
| 043 | |a e-fr--- | ||
| 050 | 0 | 0 | |a DC161 |b .M5153 1967 |
| 055 | 1 | |a DC161.M5153 1967 | |
| 060 | 4 | |a DC161 |b .M5 | |
| 082 | 0 | 0 | |a 944.04 |
| 100 | 1 | |a Michelet, Jules, |d 1798-1874. |1 https://id.oclc.org/worldcat/entity/E39PBJh8JdjQj8Xb6xM7vCKrv3 | |
| 240 | 1 | 0 | |a Histoire de la Revolution francaise. |l English |
| 245 | 1 | 0 | |a History of the French Revolution / |c translated by Charles Cocks, edited and with an introduction by Gordon Wright. |
| 260 | |a Chicago : |b University of Chicago Press, |c 1967. | ||
| 300 | |a xxi, 476 pages ; |c 21 cm | ||
| 336 | |a text |b txt |2 rdacontent | ||
| 337 | |a unmediated |b n |2 rdamedia | ||
| 338 | |a volume |b nc |2 rdacarrier | ||
| 340 | |m 8vo. |2 rdabf | ||
| 490 | 1 | |a Classic European historians. | |
| 490 | 1 | |a Phoenix books ; |v P257 | |
| 504 | |a Includes bibliographical references. | ||
| 520 | |a Interpretation of events in Paris during 1789 and 1790. | ||
| 505 | 0 | |a First Part: On the religion of the Middle Ages -- Second Part: On the Old Monarchy -- Book I (April to July, 1789) -- Elections of 1789 -- Opening of the estates -- general -- National Assembly -- Oath at the tennis court -- Movement of Paris -- Insurrection of Paris -- The taking of the Bastille, July 14th, 1789 -- Book II (July 14 to October 6, 1789) -- The hollow truce -- Popular judgments -- France in arms -- The rights of man -- The clergy and the people -- The veto -- The press -- The people go to fetch the king, October 5th, 1789 -- The king brought back to Paris -- Book III (October 6, 1789 to July 14, 1790) -- Unanimity to revive the kingly power (October, 1789) -- burst of fraternal enthusiasm -- enthusiastic transport of brotherhood (October to July) -- Resistance -- the clergy (October to November 1789) -- Resistance -- the clergy -- the Parlements -- the provincial estates -- Resistance -- Parlements -- movement of the Federations -- Resistance -- the Queen and Austria (October to February) -- Continuation -- the Queen and Austria -- the Queen and Mirabeau -- the Army (March to May, 1790) -- A religious struggle -- the passions of Louis XVI -- Religious struggle -- success of the Counter-Revolution (May, 1790) -- A religious struggle -- the Counter-Revolution quelled in the South (June, 1790) -- The New Principle -- spontaneous organization of France (July 1789 to July 1790) -- The new religion -- Federations (July 1789 to July 1790) -- The new religion -- General Federation (July 14, 1790). | |
| 651 | 0 | |a France |x History |y Revolution, 1789-1799. | |
| 651 | 0 | |a France |x History |y Revolution, 1789-1799 |x Causes. | |
| 650 | 7 | |a War |x Causes |2 fast | |
| 651 | 7 | |a France |2 fast |1 https://id.oclc.org/worldcat/entity/E39PBJd8gD4vdtqQMdQHvYqbBP | |
| 651 | 7 | |a France |x History |y Revolution, 1789-1799. |2 nli | |
| 647 | 7 | |a Revolution |c (France : |d 1789-1799) |2 fast |1 https://id.oclc.org/worldcat/entity/E39Qhp4vB9WRTvCqwjRK8jJqvb | |
| 648 | 7 | |a 1789-1799 |2 fast | |
| 655 | 7 | |a History |2 fast | |
| 700 | 1 | |a Wright, Gordon, |d 1912-2000, |e editor. |1 https://id.oclc.org/worldcat/entity/E39PBJmhJRQdQfgyDmV4dkBtrq | |
| 758 | |i has work: |a HISTOIRE DE LA REVOLUTION FRANCAISE (Work) |1 https://id.oclc.org/worldcat/entity/E39PCFMdmjFbmGHMY3Q49J6CpK |4 https://id.oclc.org/worldcat/ontology/hasWork | ||
| 830 | 0 | |a Classic European historians. | |
| 830 | 0 | |a Phoenix books ; |v P257. | |
| 938 | |a Baker & Taylor |b BKTY |c 16.95 |d 16.95 |i 0226523330 |n 0000165013 |s active | ||
| 938 | |a YBP Library Services |b YANK |n 131839 | ||
| 948 | |h HELD BY TXA - 997 OTHER HOLDINGS | ||
| 994 | |a Z0 |b TXA | ||
| 999 | f | f | |s 9c66ddc5-0147-3fe1-81cd-8458b30feebc |i bfebf576-42df-3da9-9d19-658f603fc351 |t 0 |
| 952 | f | f | |p ric |a Texas A&M University |b Rellis Campus |c Joint Library Facility |s JLF |d Remote Storage |t 0 |e DC161 .M5153 1967 |h Library of Congress classification |i unmediated -- volume |m A14801960886 |
| 998 | f | f | |a DC161 .M5153 1967 |t 0 |l Remote Storage |